000 00561nam a2200205Ii 4500
003 JO-AjNU
008 230606s9999||||xx |||||||||||||| ||und||
020 _a978-93-5111-026-2
040 _aJO-AjNU
_beng
_erda
_cJO-AjNU
041 _aeng
050 1 4 _aTP875 2013
100 3 _aRam, Tilak,
_eauthor
_93959
245 0 0 _aCement Technology
264 3 1 _aNew Delhi:Randpm publications
300 _a270p
336 _atext
_btxt
_2rdacontent
337 _aunmediated
_bn
_2rdamedia
338 _avolume
_bnc
_2rdacarrier
650 4 _aCement Technology
_93960
999 _aE2063
_c2062
_d2062